| 000 | 01389cam a22003614i 4500 | ||
|---|---|---|---|
| 003 | PE-LiUPU | ||
| 005 | 20250731184053.0 | ||
| 008 | 161011s r 000 0 spa d | ||
| 035 | _a(Sirsi) a164112 | ||
| 040 |
_aPE-LiUPU _bspa _cPE-LiUPU _erda |
||
| 049 | _aPRUA | ||
| 082 | 0 | 4 |
_a808.8 _bC547 _220 |
| 100 | 1 |
_aChéjov, Antón P., _eautor. |
|
| 245 | 1 | 3 |
_aLa gaviota, el jardín de los cerezos / _cAntón P. Chéjov. |
| 264 | 1 |
_aEspaña : _bPlaneta de Agostini, _c2003. |
|
| 300 |
_aXXII, 128 páginas ; _c21 centímetros |
||
| 336 |
_atext _2rdacontent |
||
| 337 |
_aunmediated _2rdamedia |
||
| 338 |
_avolume _2rdacarrier |
||
| 505 | 0 | _aIntroducción -- La gaviota -- El jardín de los cerezos. | |
| 526 | _aP145 | ||
| 526 | _aP127 | ||
| 526 | _aP97 | ||
| 526 | _aP14 | ||
| 526 | _aP07 | ||
| 910 |
_ajck _bncf _cncf _d20161011 |
||
| 942 |
_2ddc _cBOOK |
||
| 949 |
_a808.8 C547 _wDEWEY _c1 _i75104 _lCCODEBUL1 _mBUL _p19.95 _r0 _sY _tBOOK _u2016-10-11 _xEDUCACION _PP20 _0DONACION _o.STAFF. Colección Ciencias Humanas y Educación |
||
| 994 |
_aC0 _bPEPRU |
||
| 596 | _a1 | ||
| 999 |
_a808.8 C547 _wDEWEY _c12966 _i75104 _f2021-11-5 _g5 _lCCODEBUL1 _mBUL _p19.95 _r0 _sY _tBOOK _u2016-10-11 _xBIBLIOTECA _PP20 _0COMPRA _o.STAFF. Colección Ciencias Humanas y Educación _d12966 |
||
| 980 |
_81 _gALBERTO SANCHEZ Responsable de Automatización |
||